000 00323nam a2200109Ia 4500
008 220204s9999 xx 000 0 und d
100 _aAbraham, A V
245 0 _aStudy on synthetic versus natural products. Pilot project on rubber industry and its impact
260 _aUNIDO
_c1975
700 _aVerghese, M C
942 _cBK
999 _c43415
_d43415